University Home | Library Home | Institutional Repository

Teamwork in medical rehabilitation / (Record no. 216286)

MARC details
000 -LEADER
fixed length control field 00830nam a22002537a 4500
005 - DATE AND TIME OF LATEST TRANSACTION
control field 20260217093107.0
008 - FIXED-LENGTH DATA ELEMENTS--GENERAL INFORMATION
fixed length control field 260217b ||||| |||| 00| 0 eng d
020 ## - INTERNATIONAL STANDARD BOOK NUMBER
International Standard Book Number 9781498725439
040 ## - CATALOGING SOURCE
Original cataloging agency LC
Transcribing agency UNZA
Description conventions RDA
050 ## - LIBRARY OF CONGRESS CALL NUMBER
Classification number RM 930
Item number LUN 2017
100 ## - MAIN ENTRY--PERSONAL NAME
Personal name Lundgren, Charlotte
Relator term author
245 ## - TITLE STATEMENT
Title Teamwork in medical rehabilitation /
Statement of responsibility, etc. Charlotte Lundgren and Carl Molander.
260 ## - PUBLICATION, DISTRIBUTION, ETC.
Place of publication, distribution, etc. Abingdon, Oxon :
Name of publisher, distributor, etc. Routledge,
Date of publication, distribution, etc. 2017.
300 ## - PHYSICAL DESCRIPTION
Extent x, 121 pages :
Other physical details illustrations.
336 ## - CONTENT TYPE
CONTENT TYPE Text
337 ## - MEDIA TYPE
MEDIA TYPE Unmediated
338 ## - CARRIER TYPE
CARRIER TYPE Volume
504 ## - BIBLIOGRAPHY, ETC. NOTE
Bibliography, etc. note Includes index.
650 ## - SUBJECT ADDED ENTRY--TOPICAL TERM
Topical term or geographic name entry element Rehabilitation
General subdivision organization and administration.
650 ## - SUBJECT ADDED ENTRY--TOPICAL TERM
Topical term or geographic name entry element Interdisciplinary Communication.
650 ## - SUBJECT ADDED ENTRY--TOPICAL TERM
Topical term or geographic name entry element Physical and Rehabilitaion Medicine
General subdivision organization and administration.
700 ## - ADDED ENTRY--PERSONAL NAME
Personal name Molander, Carl
Relator term author
999 ## -
-- 216286
-- 216286
942 ## - ADDED ENTRY ELEMENTS (KOHA)
Koha item type Book
Holdings
Withdrawn status Lost status Source of classification or shelving scheme Damaged status Not for loan Collection code Home library Current library Shelving location Date acquired Source of acquisition Cost, normal purchase price Total Checkouts Full call number Barcode Date last seen Copy number Price effective from Koha item type Cost, replacement price
    Library of Congress Classification     Non-fiction Kitwe Library Kitwe Library UNZA Kitwe Library 03/26/2026 Donation 300.00   RM 930 LUN 2017 33729005315002 03/26/2026 3 03/26/2026 Book 300.00
    Library of Congress Classification       Kitwe Library Kitwe Library UNZA Kitwe Library 03/26/2026 Donation 300.00   RM 930 LUN 2017 33729005315010 03/26/2026 2 03/26/2026 Book 300.00
    Library of Congress Classification     Non-fiction Medical Library Medical Library On Shelf 02/17/2026 Donation 300.00   RM 930 LUN 2017 33729000170808 02/17/2026 1 02/17/2026 Book  
© 2026 - The University of Zambia Library - Koha v25.11